000 00837nam a2200253Ia 4500
003 OSt
005 20220930063726.0
006 a|||||r|||| 00| 0
007 ta
008 220926b |||||||| |||| 00| 0 eng d
024 _a3233
037 _cTheses
040 _aCRL
_cCRL
_beng
041 _2eng
_aeng
100 _aDas Prabir Kumar
_9523424
110 _aUniversity of Delhi. Faculty of Medical Sciences. Department of Surgery
245 0 _aReconstruction of common bile duct with seromuscular layer of a loop of intact bowel
_b An experimental study
260 _c1972
650 _aSURGERY
700 _a Dr Satyanand Supervisor
_9520139
700 _aUniversity of Delhi. Faculty of Medical Sciences. Department of Surgery
942 _cDIS
_2CC
999 _c857235
_d857235